| 000 | 00452nam a2200169 a 4500 | ||
|---|---|---|---|
| 005 | 20140310183323.0 | ||
| 008 | 060309s19uu xx 00 eng d | ||
| 020 | _a0099734400 | ||
| 050 |
_aPS 3553 _b.C266 1990 |
||
| 100 | _aCard, Orson Scott | ||
| 245 |
_aThe folk of the fringe / _cOrson Scott Card. |
||
| 260 |
_aLondon : _bArrow Books Limited, _c1990. |
||
| 300 |
_a301 p. : _c18 cm. |
||
| 650 | _aFiction | ||
| 942 |
_cBK _2lcc |
||
| 999 |
_c21454 _d21454 |
||